|
|
|
|
| LEADER |
00000nam0a2200000 4500 |
| 001 |
253571 |
| 005 |
20231101232845.0 |
| 010 |
|
|
|a 9789850814494
|
| 035 |
|
|
|a (RuTPU)RU\TPU\book\275967
|
| 090 |
|
|
|a 253571
|
| 100 |
|
|
|a 20140314d2012 k y0rusy50 ca
|
| 101 |
0 |
|
|a rus
|
| 102 |
|
|
|a BY
|
| 105 |
|
|
|a a z 001zy
|
| 200 |
1 |
|
|a Ультразвук в технологии производства композиционных кабелей
|f В. В. Клубович, В. В. Рубаник, Ю. В. Царенко
|g Национальная Академия наук Беларуси (НАНБ, НАН Беларуси), Институт технической акустики (ИТА)
|
| 210 |
|
|
|a Минск
|c Беларуская навука
|d 2012
|
| 215 |
|
|
|a 295 с.
|c ил.
|
| 320 |
|
|
|a Библиогр.: с. 281-292.
|
| 330 |
|
|
|a В монографии представлены технологии получения и обработки термопарных и нагревостойких кабелей с минеральной изоляцией в металлических оболочках с использованием высококонцентрированных источников энергии. Показано, что использование ультразвука при обработке композиционных кабелей позволяет решить ряд сложных технологических задач, повысить производительность труда, улучшить качество и расширить ассортимент готовых изделий. Представлены конструкции нагревостойких и термопарных кабелей, приведены их параметры, эксплуатационные свойства и методы испытаний. Предназначена для научных работников, инженеров, работающих в области материаловедения, измерительной и кабельной техники, преподавателей, аспирантов и студентов.
|
| 606 |
1 |
|
|a Кабели с минеральной изоляцией
|2 stltpush
|3 (RuTPU)RU\TPU\subj\13366
|9 39983
|
| 610 |
1 |
|
|a кабельное производство
|
| 610 |
1 |
|
|a кабельная техника
|
| 610 |
1 |
|
|a ультразвук
|
| 610 |
1 |
|
|a промышленное применение
|
| 610 |
1 |
|
|a кабельные материалы
|
| 610 |
1 |
|
|a обработка
|
| 610 |
1 |
|
|a подготовка
|
| 610 |
1 |
|
|a ультразвуковые колебания
|
| 610 |
1 |
|
|a термопарные кабели
|
| 610 |
1 |
|
|a нагревостойкость
|
| 610 |
1 |
|
|a кабельные заготовки
|
| 610 |
1 |
|
|a кабельные изделия
|
| 610 |
1 |
|
|a электротермическая обработка
|
| 610 |
1 |
|
|a электрофизические свойства
|
| 610 |
1 |
|
|a эксплуатационные свойства
|
| 675 |
|
|
|a 621.315.211
|v 3
|
| 700 |
|
1 |
|a Клубович
|b В. В.
|g Владимир Владимирович
|
| 701 |
|
1 |
|a Рубаник
|b В. В.
|g Василий Васильевич
|
| 701 |
|
1 |
|a Царенко
|b Ю. В.
|g Юрий Валентинович
|
| 712 |
0 |
2 |
|a Национальная Академия наук Беларуси (НАНБ, НАН Беларуси)
|b Институт технической акустики (ИТА)
|c (Минск)
|2 stltpush
|3 (RuTPU)RU\TPU\col\19948
|
| 801 |
|
1 |
|a RU
|b 63413507
|c 20140314
|
| 801 |
|
2 |
|a RU
|b 63413507
|c 20150609
|g RCR
|
| 942 |
|
|
|c BK
|
| 959 |
|
|
|a 50/20140314
|d 2
|e 305,00
|f ЧЗТЛ:1
|f АНЛ:1
|